Movies Quiz

Random Movies or Role Quiz

Film By Unnamed Character Quiz Stats

 Plays Quiz not verified by Sporcle

Challenge
Share
Tweet
Score 0/22 Timer 08:00
0 Plays Today
% Correct
Kill Bill Vol.1
93.3%
Fight Club
83.6%
Drive
83.4%
Reservoir Dogs
77.4%
Zombieland
70.5%
12 Angry Men
63.4%
A Fistful of Dollars
62.7%
The Road
61.8%
The Tree of Life
56.8%
City Lights
54.2%
The Seven Year Itch
48.9%
% Correct
Hero
41.6%
Layer Cake
41.1%
A Christmas Story
38%
Bad Lieutenant
36.3%
All Is Lost
34.4%
Rebecca
32.3%
El Mariachi
25.4%
Serenity
21.4%
Withnail & I
19%
Dogtooth
13.3%
If...
8.8%

You're not logged in!

Compare scores with friends on all Sporcle quizzes.
Join for Free
OR
Log In

You Might Also Like...

Show Comments

Extras

Top Quizzes Today


Score Distribution

Your Account Isn't Verified!

In order to create a playlist on Sporcle, you need to verify the email address you used during registration. Go to your Sporcle Settings to finish the process.

Report this User

Report this user for behavior that violates our Community Guidelines.

Details: